Statistics for Space Jam Starting Lineups

Click here to take the quiz!

General Stats

  • This quiz has been taken 3,389 times
    (3,353 since last reset)
  • The average score is 5 of 10

Answer Stats

Team NBA Player % Correct
Tune SquadMichael Jordan
94%
Tune SquadBugs Bunny
91%
Tune SquadDaffy Duck
74%
Tune SquadLola Bunny
50%
Tune SquadTasmanian Devil
47%
MonstarsPound / Charles Barkley
46%
MonstarsBang / Patrick Ewing
39%
MonstarsNawt / Muggsy Bogues
37%
MonstarsBupkus / Larry Johnson
33%
MonstarsBlanko / Shawn Bradley
28%

Score Distribution

Percentile by Number Answered

Percent of People with Each Score

Your Score History

You have not taken this quiz since the last reset